| 000 | 00659nam a2200241 4500 | ||
|---|---|---|---|
| 003 | OTs | ||
| 005 | 20260601171022.0 | ||
| 008 | 260520b\\\\\\\\||||||||\||||\00|\0\eng\d | ||
| 040 |
_aICI _bspa _cICI _erda |
||
| 050 |
_aNK5198.I58 _bA34 |
||
| 245 | _aAgainst throwawayism | ||
| 264 |
_aItalia _biittala |
||
| 300 | _a66 Páginas | ||
| 336 |
_2rdacontent _atexto |
||
| 337 |
_2rdamedia _asin medio |
||
| 338 |
_2rdacarrier _avolumen |
||
| 650 |
_aDiseño industrial _zFinlandia _93490 |
||
| 650 | _aDiseño sustentable | ||
| 650 |
_aObjetos domésticos _xDiseño |
||
| 650 | _aCultura material | ||
| 650 |
_aConsumo responsable. _934741 |
||
| 942 |
_2lcc _n1 _cB |
||
| 999 |
_c20918 _d20918 |
||